| 000 | 00511nam a2200169 a 4500 | ||
|---|---|---|---|
| 001 | 000013137 | ||
| 005 | 20240306073902.0 | ||
| 008 | 091120s2004 dr a 000 0 spa d | ||
| 020 | _a9788482615677 | ||
| 040 |
_aDO-SdBNP _bspa _cBNPHU |
||
| 082 |
_axxxx _bC786 |
||
| 245 | 0 | 0 |
_aCoquín 5 años / _cdirección editorial Obdulia García de Escobar. |
| 260 |
_aSanto Domingo : _bSantillana, _c2004. |
||
| 300 |
_a280 p. : _bil. ; _c21 cm. |
||
| 700 | 1 |
_aGarcía Escobar, Obdulia de _edir. ed. _929220 |
|
| 049 | _aBNPD | ||
| 999 |
_c12779 _d12779 |
||